Il gioco d'azzardo problematico (Record n. 358944)
[ formato base ]
| 000 -LEADER | |
|---|---|
| campo di controllo lung. fissa | 01702nam a22001817a 4500 |
| 003 - Identificatore del numero di controllo | |
| campo di controllo | IT-MiCISF |
| 005 - Data e orario dell'ultima transazione | |
| campo di controllo | 20200929162228.0 |
| 008 - Elementi di lunghezza fissa--Informazione generale | |
| campo di controllo lung. fissa | 200929b ||||| |||| 00| 0 eng d |
| 040 ## - Fonte della catalogazione | |
| Agenzia che fa la trascrizione | IT-MiCISF |
| 041 ## - Codice di lingua | |
| Codice di lingua del testo/traccia sonora o titolo separato | it |
| 100 ## - Accesso principale -- nome di persona | |
| Nome di persona | Lucchini Fabio |
| 9 (RLIN) | 58547 |
| 245 ## - Formulazione del titolo | |
| Titolo | Il gioco d'azzardo problematico |
| Complemento del titolo | Politiche e impatti sociali |
| 260 ## - Pubblicazione, distribuzione, ecc. (stampa) | |
| Luogo di pubblicazione, distribuzione, ecc. | Milano |
| Nome dell'editore, distributore, ecc. | Franco Angeli |
| Data di pubblicazione, distribuzione, ecc. | 2020 |
| 300 ## - Descrizione fisica | |
| Estensione | pp. 91 |
| 500 ## - Nota generale | |
| Nota generale | società, gioco-d'azzardo |
| 520 ## - Riassunto, ecc. | |
| Nota di riassunto, ecc. | Un testo per gli studenti dei corsi di Sociologia, Scienza politica ed Economia, ma anche per i policymaker interessati a conoscere dati e acquisire metodologie per affrontare un tema al centro del dibattito pubblico. È ormai riconosciuto quanto siano rilevanti le ripercussioni economiche, psicologiche e relazionali dei comportamenti di gioco eccessivo sull'individuo e il suo ambiente sociale. Con l'aumento delle occasioni di gioco a partire dai primi anni Duemila, anche in Italia questo tema è assurto agli onori della cronaca, generando allarme sociale, mobilitando l'opinione pubblica e attivando i decisori politici a livello locale e nazionale. Partendo da queste premesse, il volume intende approfondire in maniera sistematica l'impatto del gioco d'azzardo problematico, riflettendo sulla riconosciuta associazione tra indicatori di posizione sociale e fenomeni connessi alla salute. Dopo un'attenta descrizione delle politiche sul gambling e un'analisi sociologica del profilo dei giocatori problematici, nel volume viene presentata la più recente ricerca italiana dedicata ai costi sociali del fenomeno (sanitari, di disoccupazione e mancata produttività, associati a suicidi, rotture familiari e problemi legali). |
| 942 ## - Dati aggiuntivi (Koha) | |
| Fonte della classificazione o dello schema di collocazione (segnatura) | Dewey Decimal Classification |
| Tipo copia default (Koha) | LIBRO |
| Ritirato (status) | Perso (status) | Fonte della classificazione o dello schema di collocazione (segnatura) | Danneggiato (status) | Non per il presito | Biblioteca proprietaria | Biblioteca in cui si trova | Data d'acquisizione | Totale prestiti | Collocazione | Codice a barre | Data ultima operazione | Prezzo in vigore dal | Tipo copia default (Koha) |
|---|---|---|---|---|---|---|---|---|---|---|---|---|---|
| Dewey Decimal Classification | Buone Condizioni | Not For Loan | CISF - Milano | CISF - Milano | 29/09/2020 | b7606 | 9788889179088 | 29/09/2020 | 29/09/2020 | LIBRO |